LEADER 02456nam 2200445 450 001 9910404223303321 005 20210416125959.0 010 $a958-5498-10-3 035 $a(CKB)4920000000253603 035 $a(MiAaPQ)EBC6769984 035 $a(OCoLC)1246315181 035 $a(FINmELB)ELB119384 035 $a(EXLCZ)994920000000253603 100 $a20210330d2018 uy 0 101 0 $aspa 135 $aurcnu|||||||| 181 $ctxt$2rdacontent/spa 182 $cc$2rdamedia/spa 183 $acr$2rdacarrier/spa 200 00$aRepensando el desarrollo $electuras interdisciplinares /$fMariana Valderrama Leongo?mez, Luis Gabriel Duquino Rojas, Fabio Andre?s Vinasco N?ustes, Marco Aguilera-Prado (autores) 210 1$aBogota? :$cEditorial Uniagustiniana,$d2018. 215 $a1 recurso en li?nea (147 pa?ginas) 311 $a958-5498-09-X 330 $aEste libro presenta tres estudios sobre las formas en las que el discurso convencional sobre desarrollo condiciona, modela, e interviene en la vida de los seres humanos y su entorno. Muestra, adema?s, co?mo la lo?gica epistemolo?gica que sostiene el discurso sobre el desarrollo permea y excede sus propios li?mites, alcanzando incluso aquellas propuestas teo?ricas y pra?cticas que pretenden tomar distancia de este discurso y que se enuncian a si? mismas como resistentes. En los tres estudios que componen este libro, se presentan diferentes conceptualizaciones y formas en las que el discurso convencional sobre desarrollo afecta la calidad de vida de las personas que son objeto de poli?ticas pu?blicas, intervenciones gubernamentales e institucionales. La propuesta, finalmente, es poner en evidencia la relacio?n saber/poder que sostiene el discurso del desarrollo y co?mo e?ste tiene efectos materiales y simbo?licos que producen y reproducen condiciones desiguales de existencia. 606 $aEconomic development$zColombia 606 $aDesarrollo econo?mico$yColombia 608 $aLibros electronicos. 615 0$aEconomic development 615 4$aDesarrollo econo?mico 676 $a338.9861 702 $aValderrama Leongo?mez$b Mariana 702 $aDuquino Rojas$b Luis Gabriel 702 $aVinasco N?ustes$b Fabio Andre?s 702 $aAguilera-Prado$b Marco 801 0$bFINmELB 801 1$bFINmELB 906 $aBOOK 912 $a9910404223303321 996 $aRepensando el desarrollo$92270900 997 $aUNINA LEADER 01176nam a2200289 i 4500 001 991001336059707536 005 20020507124539.0 008 011019s1999 it ||| | ita 020 $a8872847028 035 $ab10206486-39ule_inst 035 $aLE02984064$9ExL 040 $aISUFI - Sett. Diritti e Politiche Euromediterranee$bita 082 0 $a327 100 1 $aGuasconi, Maria Eleonora$0464510 245 12$aL'altra faccia della medaglia :$bguerra psicologica e diplomazia sindacale nelle relazioni Italia-Stati Uniti durante la prima fase della guerra fredda (1947-1955) /$cMaria Eleonora Guasconi ; prefazione di Ennio Di Nolfo 260 $aSoveria Mannelli :$bRubbettino,$cc1999 300 $a251 p. ;$c24 cm 490 0 $aStoria politica 650 4$aGuerra fredda 651 4$aItalia-Stati Uniti$xRelazioni 700 1 $aDi Nolfo, Ennio 907 $a.b10206486$b17-02-17$c27-06-02 912 $a991001336059707536 945 $aLE029 327 GUA01.01$g1$iLE029-2969$lle029$o-$pE0.00$q-$rn$so $t0$u0$v0$w0$x0$y.i10254778$z27-06-02 996 $aAltra faccia della medaglia$9192419 997 $aUNISALENTO 998 $ale029$b01-01-01$cm$da $e-$fita$git $h2$i1